Metódy počítačového videnia na rozpoznávanie identity človeka na základe ucha
Na minha lista:
| Autor principal: | |
|---|---|
| Outros Autores: | |
| Formato: | Manuscrito Livro |
| Idioma: | eslovaco inglês |
| Publicado em: |
Bratislava :
STU v Bratislave FEI,
2022
|
| Assuntos: | |
| Acesso em linha: | https://opac.crzp.sk/?fn=detailBiblioFormChildGI5SM&sid=62A48EA6D8C294D55EC7B2542714&seo=CRZP-detail-kniha |
| Tags: |
Sem tags, seja o primeiro a adicionar uma tag!
|
MARC
| LEADER | 00000ntm a22000003a 4500 | ||
|---|---|---|---|
| 001 | stuzp87703 | ||
| 003 | SK-STU | ||
| 005 | 20230220113258.8 | ||
| 007 | ta | ||
| 008 | 150427s2015----xo-----f-mn---000-0-slo-d | ||
| 040 | |a STU |b slo | ||
| 041 | 0 | |a eng | |
| 044 | |a xo | ||
| 100 | 1 | |a Trstenský, Jakub |u 035000 |4 aut |U FEI Fakulta elektrotechniky a informatiky |T FEI Ústav informatiky a matematiky |X 92378 |U E050 |Y 816 |7 92378 | |
| 242 | 0 | 1 | |a Metódy počítačového videnia na rozpoznávanie identity človeka na základe ucha |y slo |
| 245 | 1 | 0 | |a Metódy počítačového videnia na rozpoznávanie identity človeka na základe ucha |
| 260 | |a Bratislava : |b STU v Bratislave FEI, |c 2022 | ||
| 300 | |a 75 s., príl. | ||
| 650 | 4 | |a neurónová sieť |2 slo | |
| 650 | 4 | |a ucho |2 slo | |
| 650 | 4 | |a počítačové videnie |2 slo | |
| 650 | 4 | |a učenie s učiteľom |2 slo | |
| 650 | 4 | |a ear |2 eng | |
| 650 | 4 | |a computer vision |2 eng | |
| 650 | 4 | |a neural network |2 eng | |
| 650 | 4 | |a supervised learning |2 eng | |
| 700 | 1 | |a Oravec, Miloš |u 035000 |k Z1 |4 ths |U FEI Fakulta elektrotechniky a informatiky |T FEI Ústav informatiky a matematiky |X 2036 |U E050 |Y 816 |7 A000002036 | |
| 856 | 4 | |u https://opac.crzp.sk/?fn=detailBiblioFormChildGI5SM&sid=62A48EA6D8C294D55EC7B2542714&seo=CRZP-detail-kniha | |